header

Visible learning for literacy, grades K-12 : (Record no. 265192)

MARC details
000 -LEADER
fixed length control field 01546cam a2200397 i 4500
001 - CONTROL NUMBER
control field 18976688
003 - CONTROL NUMBER IDENTIFIER
control field OSt
005 - DATE AND TIME OF LATEST TRANSACTION
control field 20251114111011.0
008 - FIXED-LENGTH DATA ELEMENTS--GENERAL INFORMATION
fixed length control field 160216s2016 cau b 001 0 eng
010 ## - LIBRARY OF CONGRESS CONTROL NUMBER
LC control number 2015048505
020 ## - INTERNATIONAL STANDARD BOOK NUMBER
International Standard Book Number 9781506332352
Qualifying information pbk. : alk. paper
035 ## - SYSTEM CONTROL NUMBER
System control number 18976688
040 ## - CATALOGING SOURCE
Original cataloging agency DLC
Language of cataloging eng
Transcribing agency DLC
Description conventions rda
Modifying agency DLC
042 ## - AUTHENTICATION CODE
Authentication code pcc
050 00 - LIBRARY OF CONGRESS CALL NUMBER
Classification number LB1576
Item number .F447 2016
082 00 - DEWEY DECIMAL CLASSIFICATION NUMBER
Classification number 372.6
Edition number 23
100 1# - MAIN ENTRY--PERSONAL NAME
Personal name Fisher, Douglas,
Dates associated with a name 1965-
Relator term author.
245 10 - TITLE STATEMENT
Title Visible learning for literacy, grades K-12 :
Remainder of title implementing the practices that work best to accelerate student learning /
Statement of responsibility, etc Douglas Fisher, Nancy Frey, John Hattie.
264 #1 - PRODUCTION, PUBLICATION, DISTRIBUTION, MANUFACTURE, AND COPYRIGHT NOTICE
Place of production, publication, distribution, manufacture Thousand Oaks, California :
Name of producer, publisher, distributor, manufacturer Corwin/A SAGE Company,
Date of production, publication, distribution, manufacture, or copyright notice [2016]
300 ## - PHYSICAL DESCRIPTION
Extent xv, 190 pages ;
Dimensions 25 cm
336 ## - CONTENT TYPE
Content type term text
Content type code txt
Source rdacontent
337 ## - MEDIA TYPE
Media type term unmediated
Media type code n
Source rdamedia
338 ## - CARRIER TYPE
Carrier type term volume
Carrier type code nc
Source rdacarrier
504 ## - BIBLIOGRAPHY, ETC. NOTE
Bibliography, etc Includes bibliographical references and index.
650 #0 - SUBJECT ADDED ENTRY--TOPICAL TERM
Topical term or geographic name as entry element Language arts (Elementary)
Topical term or geographic name as entry element Language arts (Secondary)
Topical term or geographic name as entry element Literacy
General subdivision Study and teaching (Elementary)
Topical term or geographic name as entry element Literacy
General subdivision Study and teaching (Secondary)
Topical term or geographic name as entry element Visual learning.
653 ## - INDEX TERM--UNCONTROLLED
Uncontrolled term Visible learning
700 1# - ADDED ENTRY--PERSONAL NAME
Personal name Frey, Nancy,
Dates associated with a name 1959-
Relator term author.
Personal name Hattie, John,
Relator term author.
906 ## - LOCAL DATA ELEMENT F, LDF (RLIN)
a 7
b cbc
c orignew
d 1
e ecip
f 20
g y-gencatlg
942 ## - ADDED ENTRY ELEMENTS (KOHA)
Source of classification or shelving scheme Library of Congress Classification
Koha item type Long Loan Books
Holdings
Withdrawn status Lost status Source of classification or shelving scheme Damaged status Not for loan Collection code Home library Current library Shelving location Date acquired Total Checkouts Full call number Barcode Date last seen Price effective from Koha item type
    Library of Congress Classification     Non-fiction Rongo University Library Rongo University Library General Stacks 14/11/2025   LB1576 .F447 2016 20261006 14/11/2025 14/11/2025 Long Loan Books

© 2026 Rongo University
Contact us: librarian | system librarian | Rongo university